LDR 00798naa#a2200169#i#450# 001 EN\\bibl\123438 005 20260705235954.7 011 ## _a1994-4683 100 ## _a20230731b2023####ek#y0engy0150####ca 102 ## _aRU 200 1# _aANALYSIS OF THE RESULTS OF THE PERFORMANCE OF RUSSIAN SHOOTERS AT INTERNATIONAL COMPETITIONS AND OPPORTUNITIES FOR THE DEVELOPMENT OF SHOOTING SPORTS IN RUSSIA _eJournal article 210 1# _aMoscow _cNational State University of Physical Education, Sports and Health named after P.F. Lesgaft _d2023 215 ## _a5 с. 608 ## _aJournal article _2local 675 ## _aСтрельба из огнестрельного оружия. Стрельба из пневматического оружия. 799.31 _z 700 #1 _aYusupova _gOl'ga Anatol'evna 856 4# _auchzapiski.lesgaft.spb.ru _u